ARRUPE JESUIT UNIVERSITY

CORONAVIRUS -STOP THE SPREAD - CLEAN,DISINFECT,COVER

Psyche and death; (Record no. 123330)

MARC details
000 -LEADER
fixed length control field 01159cam a22003251 4500
001 - CONTROL NUMBER
control field 1698956
003 - CONTROL NUMBER IDENTIFIER
control field ARRUPE
005 - DATE AND TIME OF LATEST TRANSACTION
control field 20150909141657.0
008 - FIXED-LENGTH DATA ELEMENTS--GENERAL INFORMATION
fixed length control field 740514s1967 nyu b 000 0 eng
010 ## - LIBRARY OF CONGRESS CONTROL NUMBER
LC control number 67010439
040 ## - CATALOGING SOURCE
Original cataloging agency DLC
Transcribing agency DLC
Modifying agency DLC
041 1# - LANGUAGE CODE
Language code of text/sound track or separate title engger
050 00 - LIBRARY OF CONGRESS CALL NUMBER
Classification number BF789.D4
Item number H43 1967
082 00 - DEWEY DECIMAL CLASSIFICATION NUMBER
Classification number 155.9/37
Edition number 19
300 ## - PHYSICAL DESCRIPTION
Dimensions 23 cm.
100 1# - MAIN ENTRY--PERSONAL NAME
Personal name Herzog, Edgar.
9 (RLIN) 19618
240 10 - UNIFORM TITLE
Uniform title <a href="Psyche und Tod.">Psyche und Tod.</a>
Language of a work English
245 10 - TITLE STATEMENT
Title Psyche and death;
Remainder of title archaic myths and modern dreams in analytical psychology.
Statement of responsibility, etc English translation by David Cox and Eugene Rolfe.
250 ## - EDITION STATEMENT
Edition statement [1st American ed.]
260 ## - PUBLICATION, DISTRIBUTION, ETC. (IMPRINT)
Place of publication, distribution, etc New York,
Name of publisher, distributor, etc Published by Putnam for the C. G. Jung Foundation for Analytical Psychology
Date of publication, distribution, etc [1967]
300 ## - PHYSICAL DESCRIPTION
Extent 224 p.
490 1# - SERIES STATEMENT
Series statement Studies for the C.G. Jung Institute, Zurich
504 ## - BIBLIOGRAPHY, ETC. NOTE
Bibliography, etc Bibliography: p. 211-213.
650 #0 - SUBJECT ADDED ENTRY--TOPICAL TERM
Topical term or geographic name as entry element Death
General subdivision Psychological aspects.
9 (RLIN) 19619
650 #0 - SUBJECT ADDED ENTRY--TOPICAL TERM
Topical term or geographic name as entry element Mythology.
9 (RLIN) 15384
650 #0 - SUBJECT ADDED ENTRY--TOPICAL TERM
Topical term or geographic name as entry element Dreams.
9 (RLIN) 12980
650 #0 - SUBJECT ADDED ENTRY--TOPICAL TERM
Topical term or geographic name as entry element Jungian psychology.
9 (RLIN) 7018
830 #0 - SERIES ADDED ENTRY--UNIFORM TITLE
Uniform title Studies for the C.G. Jung Institute, Zurich (New York, N.Y.)
9 (RLIN) 19620
906 ## - LOCAL DATA ELEMENT F, LDF (RLIN)
a 7
b cbc
c orignew
d u
e ocip
f 19
g y-gencatlg
942 ## - ADDED ENTRY ELEMENTS (KOHA)
Source of classification or shelving scheme Library of Congress Classification
Koha item type Monograph ( Printed materials)
Holdings
Withdrawn status Lost status Source of classification or shelving scheme Damaged status Not for loan Home library Current library Date acquired Total Checkouts Full call number Barcode Date last seen Price effective from Koha item type
    Library of Congress Classification     ARRUPE LIBRARY ARRUPE LIBRARY 09/09/2015   BF789.D4 H43 1967 46003072874 12/09/2016 09/09/2015 Monograph ( Printed materials)

 

Arrupe Library. PO Box MP320 Mt Pleasant, Harare, Zimbabwe
263 242 745411|librarian@aju.ac.zw